书目信息 |
| 题名: |
工程结构检测鉴定与加固
|
|
| 作者: | 李宏男 主编 ;苗吉军 主编 | |
| 分册: | ||
| 出版信息: | 大连 大连理工大学出版社 2015.07 |
|
| 页数: | 227页 | |
| 开本: | 26cm | |
| 丛书名: | 新世纪普通高等教育土木工程类课程规划教材 | |
| 单 册: | ||
| 中图分类: | TU317 | |
| 科图分类: | ||
| 主题词: | 建筑结构--jian zhu jie gou--质量检验--高等教育--教材 , 建筑结构--jian zhu jie gou--修缮加固--高等教育--教材 | |
| 电子资源: | ||
| ISBN: | 978-7-5611-8635-0 | |
| 000 | 01347nam 2200313 450 | |
| 001 | CA2016000946 | |
| 005 | 20201116150118.77 | |
| 010 | @a978-7-5611-8635-0@dCNY32.00 | |
| 100 | @a20150803d2015 em y0chiy50 ea | |
| 101 | 0 | @achi |
| 102 | @aCN@b210000 | |
| 105 | @aak a 000yy | |
| 106 | @ar | |
| 200 | 1 | @a 工程结构检测鉴定与加固@Agong cheng jie gou jian ce jian ding yu jia gu@f总主编李宏男@Fzong zhu bian li hong nan@g主编苗吉军@Gzhu bian miao ji jun |
| 210 | @a大连@c大连理工大学出版社@d2015.07 | |
| 215 | @a227页@c图@d26cm | |
| 225 | 2 | @a新世纪普通高等教育土木工程类课程规划教材@Axin shi ji pu tong gao deng jiao yu tu mu gong cheng lei ke cheng gui hua jiao cai |
| 320 | @a有书目 | |
| 330 | @a本教材共6章: 工程结构检测鉴定与加固概论 ; 砌体结构工程检测鉴定与加固 ; 混凝土结构工程检测鉴定与加固 ; 既有钢结构厂房结构安全鉴定 ; 高层建筑及大跨度空间结构动力性能检测 ; 桥梁检测与承载能力评定方法。 | |
| 410 | 0 | @12001 @a新世纪普通高等教育土木工程类课程规划教材 |
| 540 | @a工程结构检测鉴定与加固 | |
| 606 | 0 | @a建筑结构@Ajian zhu jie gou@x质量检验@x高等教育@j教材 |
| 606 | 0 | @a建筑结构@Ajian zhu jie gou@x修缮加固@x高等教育@j教材 |
| 690 | @aTU317@v5 | |
| 701 | 0 | @a李宏男@Ali hong nan@4主编 |
| 702 | 0 | @a苗吉军@Amiao ji jun@4主编 |
| 801 | @aCN | |
| 901 | @a20 | |
| 905 | @a河南城建学院图书馆@b1293291-3@dTU317@eL174@f3 | |
| 工程结构检测鉴定与加固/总主编李宏男/主编苗吉军.-大连:大连理工大学出版社,2015.07 |
| 227页:图;26cm.-(新世纪普通高等教育土木工程类课程规划教材) |
| ISBN 978-7-5611-8635-0:CNY32.00 |
| 本教材共6章: 工程结构检测鉴定与加固概论 ; 砌体结构工程检测鉴定与加固 ; 混凝土结构工程检测鉴定与加固 ; 既有钢结构厂房结构安全鉴定 ; 高层建筑及大跨度空间结构动力性能检测 ; 桥梁检测与承载能力评定方法。 |
| ● |
| 相关链接 |
|
|
|
正题名: 工程结构检测鉴定与加固
索取号:TU317/L174
 
预约/预借
| 序号 | 登录号 | 条形码 | 馆藏地/架位号 | 状态 | 备注 |
| 1 | 1293291 | 212932915 | 建筑库101/101建筑库 79排3列3层/ [索取号:TU317/L174] | 在馆 | |
| 2 | 1293292 | 212932922 | 土木与交通工程学院资料室/101建筑库 41排5列3层/ [索取号:TU317/L174] | 在馆 | |
| 3 | 1293293 | 212932939 | 建筑库101/101建筑库 79排3列3层/ [索取号:TU317/L174] | 在馆 |